| 000 | 00963nas a2200289 4500 | ||
|---|---|---|---|
| 001 | BR9703530 | ||
| 003 | BR-BrBNA | ||
| 005 | 20231205100323.0 | ||
| 007 | ta | ||
| 008 | 230509b bl.|||p| |||| 00| 00por d | ||
| 040 |
_aBR-BrBNA _bpor _cBiblioteca Nacional de Agricultura |
||
| 041 | _a(Pt) | ||
| 072 | _aL72 | ||
| 100 | 1 | _aBomfim, T.C.B. do | |
| 100 | 1 | _aLopes, C.W.G. | |
| 245 | 1 | _aAspectos comparativos dos oocistos de Cryptosporidium (Apicomplexa: Cryptosporidiidae), procedente de suinos (Sus Scrofa Domestica), camundongos (Mus Musculus)e ratos (Rattus Rattus)coabitando o mesmo local | |
| 650 | _aSUÍNO | ||
| 650 | _aCamundongo | ||
| 650 | _aRato | ||
| 650 | _aHospedeiro | ||
| 650 | _aInfeccao | ||
| 650 | _aFezes | ||
| 650 | _aZoonose | ||
| 773 | 0 |
_tRevista Brasileira de Parasitologia Veterinaria (Brazil) _xISSN 0103-846X _g(Feb 1995), v. 4(1) p. 29-32 _wBR9703530 |
|
| 909 |
_a202311 _bLúcia _c55 _dLúcia Elande |
||
| 942 |
_2AGRIS _n0 _cANA |
||
| 999 |
_c155341 _d155341 |
||